000 00298 a2200121 4500
000 nam a22 7a 4500
005 20260305113822.0
020 _a9788177021710
100 _aRam Karan Sharma
_91123573
245 _aSudharma (Kavyadharma)
260 _bPratibha Prakashan
_c2008
942 _cTEXL
999 _c1688456
_d1688456